000 00696nam a2200253 a 4500
001 adlib96000001
003 ViArRB
005 200902210153555.7
008 960221s1955 dcuabcdjdbkoqu001 0deng d
020 _a
022 _a
040 _aAdlib
082 _a92(ABB)
245 _aAspects of Politics and society; Memoirs of a veteran congressman
250 _a
260 _aNew Delhi
_bMarwah Pub,
_c1981
300 _ax, 177p.
_c
500 _a
100 _aAbbasi, Mohammad Adil
_e
700 _a
_a
942 _cBK
653 _aAspects of Politics and society
952 _w2010-06-16
_p00020188
_r2010-06-16
_40
_00
_bUL
_10
_o92(ABB) ABB
_d2010-06-16
_70
_yBK
_aUL
999 _c29365
_d29364